Acuicultura: producción, comercio y trazabilidad
Guardat en:
| Autors principals: | , , |
|---|---|
| Format: | Llibre |
| Idioma: | espanyol |
| Publicat: |
La Coruña
Netbiblio
2004
|
| Edició: | 1a. ed |
| Matèries: | |
| Etiquetes: |
Afegir etiqueta
Sense etiquetes, Sigues el primer a etiquetar aquest registre!
|
MARC
| LEADER | 00000nam a2200000 a 4500 | ||
|---|---|---|---|
| 001 | UCK8452 | ||
| 003 | CL-VaPUC | ||
| 008 | 060317e20040000SP |||||||||||||||||spa|d | ||
| 020 | |a 8497450914 | ||
| 082 | 0 | 4 | |a 639.2 |b GON |2 21 |
| 100 | 0 | |a González Laxe, Fernando |e author |9 498241 | |
| 700 | 0 | |a Lupin, Hector M |e author |9 498242 | |
| 700 | 0 | |a Bretón de la Cal, José Antonio |e author |9 498243 | |
| 245 | 1 | 0 | |a Acuicultura: producción, comercio y trazabilidad |
| 250 | |a 1a. ed | ||
| 300 | |a 164 p | ||
| 942 | |c BK | ||
| 945 | |d 20060317 00:00:00 |a jtorresc | ||
| 260 | |a La Coruña |b Netbiblio |c 2004 | ||
| 650 | 7 | |a PRODUCTOS PESQUEROS |2 CL-VaPUC |9 259452 | |
| 650 | 0 | |a Industria pesquera |9 255432 | |
| 650 | 0 | |a Acuicultura |9 258883 | |
| 650 | 0 | |a Recursos pesqueros |9 255431 | |
| 650 | 0 | |a Comercialización |9 259326 | |
| 650 | 7 | |a EXPORTACIONES |2 CL-VaPUC |9 255382 | |
| 583 | |a last modification |c 20060317 00:00:00 |k Rodrigo Vera | ||
| 999 | |c 316103 |d 316101 | ||
| 952 | |0 0 |1 0 |4 0 |6 639_200000000000000_GON_2004 |7 0 |8 CCM |9 390209 |a BIBCUR |b BIBCUR |d 2019-11-22 |i 4214099 |o 639.2 GON 2004 |p 4214099 |r 2025-04-22 |w 2019-11-22 |y BK |k CIM | ||